Skiptrace /

Wedi'i Gadw mewn:
Manylion Llyfryddiaeth
Prif Awdur: Azolakov, Antoinette 1944-
Fformat: Llyfr
Iaith:Saesneg
Cyhoeddwyd: Austin, Tex. : Banned Books, c1988.
Rhifyn:1st ed.
Tagiau: Ychwanegu Tag
Dim Tagiau, Byddwch y cyntaf i dagio'r cofnod hwn!

MARC

LEADER 00000pam a2200000 a 4500
001 2908821
003 loc
005 20250918113339.0
008 880121s1988 txu 000 1 eng
010 |a  88000967  
020 |a 0934411093 
020 |a 9780934411097 
035 |a 2908821 
040 |c ct 
082 0 0 |a 813.54 
100 1 |a Azolakov, Antoinette  |d 1944- 
245 1 0 |a Skiptrace /  |c Antoinette Azolakov. 
250 |a 1st ed. 
260 |a Austin, Tex. :  |b Banned Books,  |c c1988. 
300 |a ii, 175 p. ;  |c 22 cm. 
942 |2 ddc  |c BK 
952 |0 0  |1 0  |2 ddc  |4 0  |6 B_LNR02AZOANSKI11  |7 0  |9 5737  |a MI  |b MI  |d 2006-01-26  |i 5087  |l 0  |o B-LNR02-AZOAN-SKI11  |p CDOM5087  |r 2025-07-13 16:28:00  |w 2025-07-13  |x ACQUISTO  |y BK 
999 |c 4580  |d 4580